000 00920nam a2200301 a 4500
001 22675
003 SK-KTurca
005 20260415143611.0
008 250414s1985 xo 0 slo
015 _aSNBA1985/09
035 _aSNK000038080
040 _aSNK
_bslo
_cSNK
_eAACR2
041 0 _aslo
044 _axo
_cSK
080 _a885.4-1
_21981
100 1 _aKasarda, Mikuláš,
_d1925-2013
_4aut
245 1 0 _aCesta lúkami
_cMikuláš Kasarda ; Terézia Brezany-Kružlicová
250 _a1. vyd.
260 _aKošice
_bVýchodoslovenské vydavateľstvo
_c1985
_eKošice
_fVýchodoslovenské tlačiarne
300 _a80 s., 2,38 AH
_c20 cm
366 _e600 výtl.
490 0 _aPôvodná tvorba
500 _aLit. 6. 6 zázn. v slov.
700 1 _aBrezany-Kružlicová, Terézia
_4bkd
942 _2ddc
_cKLDO
_n0
999 _c22675
_d22675